00476 2200193 4500001002100000005001500021008004100036020002200077035001900099041000700118082000800125090001600133100001600149245004000165260003000205300002100235500001000256650001600266INLIS00000000000510720241224113035241224||||||||| | ||| |||| || |  a978-602-9473-98-8 0010-1224005107 aid0 a741 a741.5 KAK t0 aKak Sriyon.00aTelur Bertanya Burung Unta Menjawab aJakartabLITTLE BEEc2015 a24 HAL,; 20,5 CM aCET 1 0aCerita Anak